[Event "Xtracon Chess Open 2017"]
[Site "Helsingor DEN"]
[Date "2017.07.22"]
[Round "1.1"]
[White "Lunde, Sigmund"]
[Black "Vitiugov, Nikita"]
[Result "0-1"]
[BlackTitle "GM"]
[WhiteElo "1932"]
[BlackElo "2724"]
[WhiteFideId "1511351"]
[BlackFideId "4152956"]
[EventDate "2017.07.22"]

1. e4 c5 2. Nf3 e6 3. Nc3 a6 4. a4 Nc6 5. d4 cxd4 6. Nxd4 Qc7 7. Be2 Nf6 8. O-O
h5 9. Nxc6 bxc6 10. Be3 Rb8 11. Rb1 Rb4 12. f3 d5 13. Qd3 Bd6 14. h3 h4 15. b3
Nh5 16. Na2 Rb8 17. c4 dxc4 18. Qxc4 Bh2+ 19. Kh1 Ng3+ 20. Kxh2 Nxf1+ 21. Kg1
Nxe3 22. Qc3 Qb6 23. Kh1 O-O 0-1

[Event "Xtracon Chess Open 2017"]
[Site "Helsingor DEN"]
[Date "2017.07.22"]
[Round "1.2"]
[White "Jobava, Baadur"]
[Black "Rosell, Sven"]
[Result "1-0"]
[WhiteTitle "GM"]
[WhiteElo "2714"]
[BlackElo "1930"]
[WhiteFideId "13601520"]
[BlackFideId "1707760"]
[EventDate "2017.07.22"]

1. Nf3 Nf6 2. g3 g6 3. b3 Bg7 4. Bb2 d6 5. d4 O-O 6. Bg2 c6 7. O-O Nbd7 8. Nbd2
Qc7 9. c4 e5 10. Qc2 Re8 11. Rad1 a5 12. e3 Nb6 13. c5 dxc5 14. dxe5 Ng4 15. e6
Bxe6 16. Bxg7 Kxg7 17. Ne4 Qe7 18. Nd6 Red8 19. Qxc5 Qc7 20. Nd4 Nc8 21. Nxe6+
fxe6 22. Nxb7 Rf8 23. Bxc6 Nf6 24. Nd8 Rxd8 25. Rxd8 1-0

[Event "Xtracon Chess Open 2017"]
[Site "Helsingor DEN"]
[Date "2017.07.22"]
[Round "1.3"]
[White "Meyer, Juergen"]
[Black "Sasikiran, Krishnan"]
[Result "0-1"]
[BlackTitle "GM"]
[WhiteElo "1928"]
[BlackElo "2688"]
[WhiteFideId "24661759"]
[BlackFideId "5004985"]
[EventDate "2017.07.22"]

1. e4 c5 2. Nf3 d6 3. d4 cxd4 4. Qxd4 Nf6 5. Nc3 a6 6. Be3 Nbd7 7. h3 e5 8. Qd3
b5 9. Nd5 Bb7 10. Nxf6+ Nxf6 11. Nd2 d5 12. exd5 Nxd5 13. O-O-O Qc7 14. Kb1 Rd8
15. Rg1 Bb4 16. Qb3 Nxe3 17. Qxe3 O-O 18. Bd3 Bc5 19. Qg3 f5 20. Rge1 Bd6 21.
Qg5 e4 22. Nxe4 fxe4 23. Bxe4 Bxe4 24. Rxe4 Be7 0-1

[Event "Xtracon Chess Open 2017"]
[Site "Helsingor DEN"]
[Date "2017.07.22"]
[Round "1.4"]
[White "Short, Nigel D"]
[Black "Alfven, Jorgen"]
[Result "1-0"]
[WhiteTitle "GM"]
[WhiteElo "2688"]
[BlackElo "1927"]
[WhiteFideId "400025"]
[BlackFideId "1715950"]
[EventDate "2017.07.22"]

1. c4 e5 2. Nc3 c6 3. Nf3 d6 4. d4 Qc7 5. e4 Bg4 6. Be2 Nf6 7. Be3 Nbd7 8. O-O
Be7 9. d5 O-O 10. Nd2 Bxe2 11. Qxe2 a6 12. Rfc1 c5 13. a3 Rfe8 14. b4 b6 15.
Rab1 Nf8 16. Rc2 Ng6 17. Rcb2 Rab8 18. Qd1 h6 19. g3 Nh7 20. h4 Ngf8 21. bxc5
bxc5 22. Qa4 Rxb2 23. Rxb2 Rb8 24. Rxb8 Qxb8 25. Qxa6 g5 26. Nb5 h5 27. hxg5
Nxg5 28. Bxg5 Bxg5 29. Nf3 Be7 30. Qa7 Qd8 31. a4 Qd7 32. a5 Qg4 33. Qxe7 Qxf3
34. Nxd6 Ng6 35. Qe8+ 1-0

[Event "Xtracon Chess Open 2017"]
[Site "Helsingor DEN"]
[Date "2017.07.22"]
[Round "1.5"]
[White "Nielsen, Morten Majlund"]
[Black "Motylev, Alexander"]
[Result "0-1"]
[BlackTitle "GM"]
[WhiteElo "1927"]
[BlackElo "2680"]
[WhiteFideId "1445448"]
[BlackFideId "4121830"]
[EventDate "2017.07.22"]

1. d4 d5 2. c4 e6 3. Nc3 Bb4 4. Nf3 dxc4 5. e4 b5 6. a4 c6 7. Bd2 Nf6 8. Qc2 a6
9. g3 Bb7 10. Bg2 c5 11. e5 cxd4 12. exf6 dxc3 13. fxg7 cxd2+ 14. Nxd2 Rg8 15.
Bxb7 Ra7 16. Be4 f5 17. Bf3 Rgxg7 18. O-O-O Qf6 19. Bh5+ Kf8 20. f4 Nc6 21. Nb1
Nd4 22. Qg2 bxa4 23. Bf3 Rgc7 24. Qf2 Nb3+ 25. Kc2 c3 0-1

[Event "Xtracon Chess Open 2017"]
[Site "Helsingor DEN"]
[Date "2017.07.22"]
[Round "1.6"]
[White "Hammer, Jon Ludvig"]
[Black "Rasmussen, Henrik Egede"]
[Result "1-0"]
[WhiteTitle "GM"]
[WhiteElo "2628"]
[BlackElo "1926"]
[WhiteFideId "1503707"]
[BlackFideId "1417800"]
[EventDate "2017.07.22"]

1. e4 Nc6 2. Bb5 g6 3. d4 a6 4. Ba4 b5 5. Bb3 Bg7 6. Nf3 e6 7. a4 Bb7 8. c3 Nge7
9. O-O O-O 10. Re1 d5 11. e5 Qd7 12. Bc2 b4 13. a5 bxc3 14. bxc3 Na7 15. Ba3 Nb5
16. Bc5 Rfc8 17. Qd3 Bf8 18. Nbd2 Nf5 19. Nb3 Re8 20. Bxf8 Rxf8 21. Nc5 Qc8 22.
Qd2 Kg7 23. Qg5 Ra7 24. g4 Nh6 25. Qf6+ Kg8 26. Qh4 Kg7 27. Ng5 Qe8 28. Re3 Rh8
29. Ngxe6+ fxe6 30. Qf6+ Kg8 31. Nxe6 1-0

[Event "Xtracon Chess Open 2017"]
[Site "Helsingor DEN"]
[Date "2017.07.22"]
[Round "1.7"]
[White "Kyrkjebo, Hanna B."]
[Black "Sokolov, Ivan"]
[Result "0-1"]
[BlackTitle "GM"]
[WhiteElo "1923"]
[BlackElo "2626"]
[WhiteFideId "1511599"]
[BlackFideId "14400030"]
[EventDate "2017.07.22"]

1. e4 c5 2. Nf3 e6 3. d3 Nc6 4. g3 g6 5. Bg2 Bg7 6. O-O Nge7 7. Re1 d5 8. Nbd2
b6 9. c3 O-O 10. Nf1 d4 11. c4 e5 12. a3 h6 13. Rb1 Rb8 14. b4 cxb4 15. axb4 b5
16. c5 Be6 17. Qc2 a5 18. Ba3 Ra8 19. Rb2 Qc7 20. Rc1 Rfb8 21. Qd2 axb4 22. Bxb4
Nxb4 23. Qxb4 Nc6 24. Qd2 Ra3 25. Ne1 b4 26. Qd1 Rc3 27. Nd2 Na5 28. Rcb1 b3 29.
Bf3 h5 30. h4 Bh6 31. Bg2 Qxc5 32. Kh2 Qc8 33. Ra1 Rb5 34. Bf3 Rbc5 35. Rab1 Rc1
36. Rxc1 Rxc1 37. Qe2 Qc3 38. Rb1 Bxd2 0-1

[Event "Xtracon Chess Open 2017"]
[Site "Helsingor DEN"]
[Date "2017.07.22"]
[Round "1.8"]
[White "Saric, Ivan"]
[Black "Rasmussen, Morten Fredsgaard2"]
[Result "1-0"]
[WhiteTitle "GM"]
[WhiteElo "2621"]
[BlackElo "1922"]
[WhiteFideId "14508150"]
[BlackFideId "1410636"]
[EventDate "2017.07.22"]

1. e4 c6 2. d4 d5 3. e5 Bf5 4. h4 h5 5. Bd3 Bxd3 6. Qxd3 e6 7. Bg5 Qb6 8. Nd2 c5
9. c4 Nc6 10. Ngf3 cxd4 11. O-O Be7 12. cxd5 Bxg5 13. Nc4 Qa6 14. Nxg5 Nb4 15.
Qf3 Nh6 16. Nd6+ Ke7 17. Ndxf7 Rhf8 18. d6+ Kd7 19. Qb3 Nd5 20. Nxe6 1-0

[Event "Xtracon Chess Open 2017"]
[Site "Helsingor DEN"]
[Date "2017.07.22"]
[Round "1.9"]
[White "Mehringer, Joerg"]
[Black "Bosiocic, Marin"]
[Result "0-1"]
[BlackTitle "GM"]
[WhiteElo "1918"]
[BlackElo "2616"]
[WhiteFideId "12915351"]
[BlackFideId "14507927"]
[EventDate "2017.07.22"]

1. e4 c5 2. g3 d5 3. exd5 Qxd5 4. Nf3 Bg4 5. Bg2 Qe6+ 6. Kf1 Nc6 7. h3 Bh5 8. d3
Qd7 9. Na3 f6 10. Kg1 e5 11. Kh2 Bf7 12. Be3 Bd6 13. Nb5 Nge7 14. Nxd6+ Qxd6 15.
Nd2 b6 16. Ne4 Qc7 17. Nc3 O-O 18. Rf1 Rad8 19. Qe2 Nf5 20. Rfc1 Nfd4 21. Bxd4
Nxd4 22. Qf1 f5 23. Ne2 f4 24. Nxd4 exd4 25. Qh1 Bh5 0-1

[Event "Xtracon Chess Open 2017"]
[Site "Helsingor DEN"]
[Date "2017.07.22"]
[Round "1.10"]
[White "Agdestein, Simen"]
[Black "Mansoor, Afras"]
[Result "1-0"]
[WhiteTitle "GM"]
[WhiteElo "2604"]
[BlackElo "1917"]
[WhiteFideId "1500015"]
[BlackFideId "1522108"]
[EventDate "2017.07.22"]

1. e4 c6 2. d4 d5 3. exd5 cxd5 4. c4 Nf6 5. Nc3 Nc6 6. Nf3 Bg4 7. cxd5 Nxd5 8.
Qb3 Bxf3 9. gxf3 e6 10. Qxb7 Nxd4 11. Bb5+ Nxb5 12. Qc6+ Ke7 13. Qxb5 Qd7 14.
Nxd5+ Qxd5 15. Qxd5 exd5 16. O-O Ke6 17. Re1+ Kf5 18. Rd1 Rd8 19. Be3 Rd7 20.
Rac1 Be7 21. Rc6 Rb8 22. b3 Rbb7 23. Ra6 Bf6 24. Kf1 Bc3 25. Ra4 a5 26. Rd3 d4
27. Bxd4 Bxd4 28. Rdxd4 Rxd4 29. Rxd4 Rb5 30. Ke2 h5 31. Kd3 Rc5 32. a3 Ke5 33.
f4+ Kf5 34. h3 g6 35. Ra4 Ke6 36. Re4+ Kd6 37. Rd4+ Ke6 38. Re4+ Kd6 39. Rd4+
Ke6 40. Rc4 Rb5 41. Kc3 Kf5 42. a4 Rd5 43. b4 axb4+ 44. Kxb4 Rd2 45. a5 Rxf2 46.
a6 Ra2 47. Kb5 f6 48. Ra4 Rb2+ 49. Rb4 Ra2 50. Kb6 g5 51. fxg5 fxg5 52. a7 g4
53. hxg4+ hxg4 54. Rb5+ Kf4 55. Ra5 Rb2+ 56. Ka6 g3 57. a8=Q g2 58. Qf8+ Kg3 59.
Qg7+ Kf3 60. Rf5+ Ke3 1-0

[Event "Xtracon Chess Open 2017"]
[Site "Helsingor DEN"]
[Date "2017.07.22"]
[Round "1.11"]
[White "Maselli, Daniel"]
[Black "Vocaturo, Daniele"]
[Result "0-1"]
[BlackTitle "GM"]
[WhiteElo "1914"]
[BlackElo "2592"]
[WhiteFideId "2814140"]
[BlackFideId "813192"]
[EventDate "2017.07.22"]

1. d4 e6 2. Nf3 c5 3. c3 Nc6 4. Bg5 f6 5. Bh4 d5 6. e3 Qb6 7. Qb3 Nh6 8. Nbd2
Be7 9. Be2 Bd7 10. O-O Nf5 11. Bg3 Nxg3 12. hxg3 O-O 13. dxc5 Bxc5 14. e4 Ne7
15. Rad1 Bc6 16. exd5 Nxd5 17. Bc4 Rfd8 18. Ne4 Bf8 19. Rfe1 Qxb3 20. Bxb3 Nc7
21. Nd4 Bd5 22. Nd2 e5 23. Nf5 Rd7 24. Ne3 Bf7 25. Bxf7+ Kxf7 26. Nb3 Rad8 27.
Kf1 g6 28. Ke2 b6 29. Rxd7+ Rxd7 30. Rd1 Rxd1 31. Kxd1 h5 32. a4 Ke6 33. Kc2 f5
34. Nd2 g5 35. b4 Be7 36. Kb3 e4 37. Nec4 Nd5 38. b5 Bf6 39. Nb1 f4 40. Nbd2
Nxc3 41. gxf4 gxf4 42. a5 bxa5 43. Nxa5 Kd5 44. Kb4 Nd1 45. Nc6 Bc3+ 46. Kb3
Bxd2 47. Kc2 Be1 48. Kxd1 Bxf2 49. Ke2 Bc5 50. Na5 h4 51. Nb3 Bb4 52. Na1 Kc4 0-1

[Event "Xtracon Chess Open 2017"]
[Site "Helsingor DEN"]
[Date "2017.07.22"]
[Round "1.12"]
[White "Andersen, Mads"]
[Black "Oland, Arne"]
[Result "1-0"]
[WhiteTitle "GM"]
[WhiteElo "2586"]
[BlackElo "1912"]
[WhiteFideId "1413864"]
[BlackFideId "1422081"]
[EventDate "2017.07.22"]

1. Nf3 Nf6 2. g3 g6 3. d4 d5 4. Bg2 Bg7 5. O-O O-O 6. c4 c6 7. Qb3 dxc4 8. Qxc4
Be6 9. Qc2 Bf5 10. Qb3 Qb6 11. Nbd2 Qxb3 12. Nxb3 Nbd7 13. Na5 Be4 14. Nxb7 Rab8
15. Na5 c5 16. Rd1 Rb5 17. Nc4 Rb4 18. b3 cxd4 19. Ba3 Rfb8 20. Bxb4 Rxb4 21.
Nxd4 Bxg2 22. Kxg2 e5 23. Nc6 Rb5 24. Nxa7 1-0

[Event "Xtracon Chess Open 2017"]
[Site "Helsingor DEN"]
[Date "2017.07.22"]
[Round "1.14"]
[White "Martinovic, Sasa"]
[Black "McAndrew, Robert"]
[Result "1-0"]
[WhiteTitle "GM"]
[WhiteElo "2570"]
[BlackElo "1909"]
[WhiteFideId "14509792"]
[BlackFideId "2404915"]
[EventDate "2017.07.22"]

1. Nf3 Nf6 2. g3 g6 3. c4 Bg7 4. d4 d6 5. Bg2 c6 6. O-O O-O 7. Nc3 Nbd7 8. e4 e5
9. h3 Re8 10. Re1 a6 11. Be3 Qe7 12. d5 c5 13. Rb1 Rd8 14. a3 Ne8 15. b4 Nc7 16.
Qc2 b5 17. Nd2 bxc4 18. bxc5 Nxc5 19. Nxc4 Nb5 20. Nxb5 axb5 21. Nxd6 Qxd6 22.
Bxc5 Qd7 23. Re3 Bf8 24. Bxf8 1-0

[Event "Xtracon Chess Open 2017"]
[Site "Helsingor DEN"]
[Date "2017.07.22"]
[Round "1.15"]
[White "Skjoldager, Flemming"]
[Black "Grigoriants, Sergey"]
[Result "0-1"]
[BlackTitle "GM"]
[WhiteElo "1906"]
[BlackElo "2566"]
[WhiteFideId "1406515"]
[BlackFideId "4130804"]
[EventDate "2017.07.22"]

1. c4 e5 2. Nc3 Nf6 3. g3 Bb4 4. Bg2 O-O 5. d3 c6 6. Bd2 d5 7. cxd5 cxd5 8. Nf3
Nc6 9. O-O h6 10. a3 Be7 11. b4 a6 12. Rc1 Bf5 13. Na4 e4 14. dxe4 dxe4 15. Ne1
a5 16. bxa5 Nxa5 17. Bb4 Qxd1 18. Rxd1 Nc6 19. Nb6 Nxb4 20. axb4 Ra2 21. Nd5
Nxd5 22. Rxd5 Bg4 23. f3 Be6 24. Rb5 Rb8 25. fxe4 Rxe2 26. Bf3 Ra2 27. e5 Bc4 0-1

[Event "Xtracon Chess Open 2017"]
[Site "Helsingor DEN"]
[Date "2017.07.22"]
[Round "1.16"]
[White "Sunilduth Lyna, Narayanan"]
[Black "Bex, Lennert"]
[Result "1-0"]
[WhiteTitle "GM"]
[WhiteElo "2564"]
[BlackElo "1900"]
[WhiteFideId "5058422"]
[BlackFideId "232254"]
[EventDate "2017.07.22"]

1. d4 d6 2. e4 Nf6 3. Nc3 g6 4. f4 Bg7 5. Nf3 O-O 6. e5 dxe5 7. fxe5 Nd5 8. Bc4
Nxc3 9. bxc3 c6 10. O-O b6 11. Ng5 e6 12. Qd3 a5 13. Qh3 h6 14. Ne4 b5 15. Bxh6
Nd7 16. Bg5 Qb6 17. Be7 Re8 18. Rxf7 Rxe7 19. Rxe7 bxc4 20. Qxe6+ Kh8 21. Qxg6
Nxe5 22. Qxg7# 1-0

[Event "Xtracon Chess Open 2017"]
[Site "Helsingor DEN"]
[Date "2017.07.22"]
[Round "1.17"]
[White "Stern, Geoffrey"]
[Black "Shabalov, Alexander"]
[Result "0-1"]
[BlackTitle "GM"]
[WhiteElo "1897"]
[BlackElo "2549"]
[WhiteFideId "4002679"]
[BlackFideId "2008572"]
[EventDate "2017.07.22"]

1. d4 d5 2. Nc3 Nf6 3. Bg5 c5 4. Bxf6 gxf6 5. e3 Nc6 6. Qh5 cxd4 7. exd4 e6 8.
Nf3 a6 9. Bd3 f5 10. O-O Qf6 11. Rfe1 Be7 12. Rad1 Bd7 13. a3 Kf8 14. Ne2 b5 15.
c3 Rg8 16. Bb1 Bd6 17. Nh4 Ne7 18. f4 Ng6 19. Nxg6+ hxg6 20. Qf3 g5 21. Rf1 Qh6
22. g3 Rg6 23. fxg5 Rxg5 24. Nf4 Kg7 25. Rd2 Rh8 26. Rff2 Kf8 27. Rg2 a5 28. Nd3
b4 29. axb4 axb4 30. Nf4 Rg4 31. Rdf2 Bxf4 32. gxf4 Qxh2+ 33. Kf1 Qh1+ 34. Ke2
Qxb1 0-1

[Event "Xtracon Chess Open 2017"]
[Site "Helsingor DEN"]
[Date "2017.07.22"]
[Round "1.18"]
[White "Urkedal, Frode"]
[Black "Stuhlmann, Alexander"]
[Result "1-0"]
[WhiteTitle "GM"]
[WhiteElo "2543"]
[BlackElo "1895"]
[WhiteFideId "1506102"]
[BlackFideId "12969788"]
[EventDate "2017.07.22"]

1. d4 d6 2. Nf3 Nf6 3. c4 Nbd7 4. Nc3 e5 5. e4 Be7 6. Be2 O-O 7. O-O c6 8. Be3
Re8 9. Qc2 Qc7 10. Rfd1 a6 11. Rac1 Ng4 12. Bd2 exd4 13. Nxd4 Nc5 14. b4 Bf6 15.
Nf5 Bxf5 16. exf5 Rxe2 17. Nxe2 d5 18. Bf4 Be5 19. bxc5 Bxf4 20. Nxf4 Qxf4 21.
g3 Qh6 22. h4 Ne5 23. cxd5 cxd5 24. Qe2 Nc4 25. Qf3 Nb2 26. Re1 Qd2 27. Qe2 Qxe2
28. Rxe2 Nc4 29. Re7 Rc8 30. Rce1 f6 31. Rxb7 Ne5 32. Reb1 d4 33. Rb8 Rxb8 34.
Rxb8+ Kf7 35. Rd8 Ke7 36. Rd5 Nc6 37. Kg2 Nb4 38. Rxd4 Nxa2 39. c6 1-0

[Event "Xtracon Chess Open 2017"]
[Site "Helsingor DEN"]
[Date "2017.07.22"]
[Round "1.19"]
[White "Kashwan, Hassan"]
[Black "Hjartarson, Johann"]
[Result "0-1"]
[BlackTitle "GM"]
[WhiteElo "1892"]
[BlackElo "2541"]
[WhiteFideId "137122555"]
[BlackFideId "2300044"]
[EventDate "2017.07.22"]

1. d4 Nf6 2. Nf3 g6 3. Bf4 Bg7 4. Nbd2 c5 5. e3 d6 6. h3 O-O 7. Be2 Nc6 8. O-O
cxd4 9. exd4 Nd5 10. Be3 e5 11. Bg5 f6 12. c4 fxg5 13. cxd5 Nxd4 14. Nxd4 exd4
15. Nb3 d3 16. Bxd3 Bxb2 17. Rb1 Be5 18. Qc2 Qf6 19. Na5 g4 20. hxg4 Qf4 21. g3
Qxg4 22. Qc4 Bd4 0-1

[Event "Xtracon Chess Open 2017"]
[Site "Helsingor DEN"]
[Date "2017.07.22"]
[Round "1.20"]
[White "Schroeder, Jan-Christian"]
[Black "Moller, Arne Vang"]
[Result "1-0"]
[WhiteTitle "GM"]
[WhiteElo "2539"]
[BlackElo "1890"]
[WhiteFideId "24662259"]
[BlackFideId "1406175"]
[EventDate "2017.07.22"]

1. e4 c5 2. Nf3 d6 3. d4 cxd4 4. Nxd4 Nf6 5. Nc3 a6 6. Bd3 e6 7. f4 Qc7 8. O-O
Be7 9. Kh1 O-O 10. Qe2 Nbd7 11. Bd2 b5 12. Rae1 Rd8 13. Nb3 Nf8 14. e5 N6d7 15.
Ne4 d5 16. Ba5 Nb6 17. Ng3 Rb8 18. Nd4 Re8 19. f5 exf5 20. Ndxf5 Bxf5 21. Nxf5
Bf6 22. Nh6+ Kh8 23. Qf2 gxh6 24. Qxf6+ Kg8 25. e6 Rxe6 26. Rxe6 Nxe6 27. Qxh6
Nf8 28. Bc3 1-0

[Event "Xtracon Chess Open 2017"]
[Site "Helsingor DEN"]
[Date "2017.07.22"]
[Round "1.21"]
[White "Trost, Edvin"]
[Black "Delorme, Axel"]
[Result "0-1"]
[BlackTitle "IM"]
[WhiteElo "1887"]
[BlackElo "2518"]
[WhiteFideId "1729519"]
[BlackFideId "632023"]
[EventDate "2017.07.22"]

1. e4 e5 2. Nf3 Nc6 3. Bb5 a6 4. Ba4 g6 5. O-O b5 6. Bb3 Bg7 7. c3 Nge7 8. d3
O-O 9. Nbd2 Na5 10. Bc2 c5 11. Qe2 Nac6 12. Rd1 h6 13. Nf1 d5 14. Ng3 d4 15.
cxd4 Bg4 16. Be3 exd4 17. Bf4 g5 18. Bd2 Ne5 19. Bb3 c4 20. Bc2 N7g6 21. Nf5 Re8
22. Nxg7 Kxg7 23. h3 Bxf3 24. gxf3 Qf6 25. f4 Nxf4 26. Bxf4 Qxf4 27. dxc4 bxc4
28. Ba4 Nf3+ 29. Kf1 Rxe4 30. Qxc4 Qh2 0-1

[Event "Xtracon Chess Open 2017"]
[Site "Helsingor DEN"]
[Date "2017.07.22"]
[Round "1.22"]
[White "Kollars, Dmitrij"]
[Black "Nielsen, Carsten Juul"]
[Result "1-0"]
[WhiteTitle "IM"]
[WhiteElo "2510"]
[BlackElo "1886"]
[WhiteFideId "12909572"]
[BlackFideId "1402242"]
[EventDate "2017.07.22"]

1. e4 e5 2. Nf3 Nc6 3. Bb5 Nge7 4. c3 g6 5. d4 exd4 6. cxd4 Bg7 7. d5 Ne5 8.
Nxe5 Bxe5 9. Nc3 a6 10. Ba4 b5 11. Bb3 O-O 12. O-O c5 13. dxc6 Nxc6 14. f4 Bd4+
15. Kh1 Qe7 16. Nd5 Qc5 17. Bd2 Bg7 18. Be3 Bd4 19. Rc1 Qa7 20. Rxc6 Bxe3 21.
Rc7 1-0

[Event "Xtracon Chess Open 2017"]
[Site "Helsingor DEN"]
[Date "2017.07.22"]
[Round "1.23"]
[White "Rasmussen, Jonas H"]
[Black "Hillarp Persson, Tiger"]
[Result "0-1"]
[BlackTitle "GM"]
[WhiteElo "1885"]
[BlackElo "2509"]
[WhiteFideId "1511637"]
[BlackFideId "1700812"]
[EventDate "2017.07.22"]

1. d4 g6 2. c4 Bg7 3. Nf3 d6 4. e3 Nd7 5. Be2 e5 6. Nc3 Ne7 7. O-O O-O 8. b3 h6
9. Bb2 f5 10. dxe5 dxe5 11. Nd5 c6 12. Nxe7+ Qxe7 13. Qd2 e4 14. Bxg7 Kxg7 15.
Nd4 Nf6 16. Rfd1 Bd7 17. Qb2 c5 18. Nc2 Rfd8 19. h3 g5 20. Bf1 Kg6 21. Ne1 Bc6
22. Qc2 Qe5 23. Be2 Kf7 24. Rxd8 Rxd8 25. Rd1 Rxd1 26. Bxd1 Qa1 27. Qd2 Ke7 28.
a4 Bd7 29. f3 b6 30. Kh2 exf3 31. Nxf3 g4 32. Nh4 Ne4 33. Qd5 g3+ 34. Kg1 Be6
35. Nxf5+ Bxf5 36. Qb7+ Kf6 37. Qc6+ Be6 0-1

[Event "Xtracon Chess Open 2017"]
[Site "Helsingor DEN"]
[Date "2017.07.22"]
[Round "1.24"]
[White "Kvon, Andrey"]
[Black "Undheim, Bjarne"]
[Result "1-0"]
[WhiteTitle "IM"]
[WhiteElo "2500"]
[BlackElo "1882"]
[WhiteFideId "14201356"]
[BlackFideId "1506862"]
[EventDate "2017.07.22"]

1. d4 d5 2. c4 Nc6 3. Nf3 Bg4 4. Nc3 e6 5. Bf4 Bd6 6. Bg3 Nf6 7. e3 O-O 8. cxd5
exd5 9. Be2 Re8 10. a3 Ne4 11. Nxe4 dxe4 12. Nd2 Bxe2 13. Qxe2 Qf6 14. Rc1 Qg6
15. Nb3 Ne7 16. O-O Nf5 17. Na5 Rab8 18. b4 Re7 19. Rc3 h5 20. Rfc1 c6 21. b5
cxb5 22. Qxb5 Bxg3 23. fxg3 h4 24. Nc6 bxc6 25. Qxb8+ Kh7 26. Rxc6 f6 27. Qf4
hxg3 28. h3 Qh5 29. Rf1 g6 30. Rxf6 Qe2 31. Rxf5 gxf5 32. Qxf5+ Kh8 33. Qf8+ 1-0

[Event "Xtracon Chess Open 2017"]
[Site "Helsingor DEN"]
[Date "2017.07.22"]
[Round "1.25"]
[White "Aasen, Kjetil Myrlid"]
[Black "Hector, Jonny"]
[Result "0-1"]
[BlackTitle "GM"]
[WhiteElo "1881"]
[BlackElo "2497"]
[WhiteFideId "1539027"]
[BlackFideId "1700090"]
[EventDate "2017.07.22"]

1. e4 e5 2. Nf3 Nc6 3. d4 exd4 4. Bc4 Nf6 5. e5 Ng4 6. O-O d6 7. Re1 Ngxe5 8.
Nxd4 Be7 9. Nxc6 bxc6 10. Bb3 O-O 11. Nc3 Bf5 12. f4 Ng4 13. Ba4 Qb8 14. Qf3
Qb6+ 15. Be3 Nxe3 16. Qxe3 Qxe3+ 17. Rxe3 Bf6 18. Rd1 Rab8 19. Bxc6 Rxb2 20. Nd5
Rxc2 21. Nxf6+ gxf6 22. Bd5 Be6 23. Bxe6 fxe6 24. Rxe6 Rb8 25. Re3 Rbb2 26. Rg3+
Kf7 27. h4 h5 28. Rd5 Rc5 29. Rxc5 dxc5 30. Ra3 Ke6 31. Rxa7 Kd6 32. a4 c4 33.
a5 c3 34. Ra6+ c6 0-1

[Event "Xtracon Chess Open 2017"]
[Site "Helsingor DEN"]
[Date "2017.07.22"]
[Round "1.26"]
[White "Christiansen, Johan-Sebastian"]
[Black "Magnussen, Pal"]
[Result "1-0"]
[WhiteTitle "IM"]
[WhiteElo "2471"]
[BlackElo "1881"]
[WhiteFideId "1512668"]
[BlackFideId "1711814"]
[EventDate "2017.07.22"]

1. d4 Nf6 2. Nc3 d5 3. Bf4 c6 4. e3 Nbd7 5. Be2 Qb6 6. a3 e6 7. Nf3 Be7 8. h3
O-O 9. O-O Re8 10. Bh2 Nf8 11. Ne5 Bd7 12. b4 Qd8 13. Na4 b6 14. Ba6 c5 15. c3
Ne4 16. Rc1 cxb4 17. cxb4 Bd6 18. f3 Nf6 19. Nc3 Qe7 20. Nb5 Bxb5 21. Bxb5 Rec8
22. Ba6 Rxc1 23. Qxc1 N6d7 24. f4 Bxe5 25. fxe5 Nb8 26. Qc8 Qd7 27. Rc1 1-0

[Event "Xtracon Chess Open 2017"]
[Site "Helsingor DEN"]
[Date "2017.07.22"]
[Round "1.27"]
[White "Jarlnaes, Erik"]
[Black "Tan, Justin2"]
[Result "0-1"]
[BlackTitle "IM"]
[WhiteElo "1880"]
[BlackElo "2462"]
[WhiteFideId "1414623"]
[BlackFideId "3206882"]
[EventDate "2017.07.22"]

1. e4 e5 2. Nf3 Nc6 3. Bb5 a6 4. Bxc6 dxc6 5. d3 f6 6. Be3 Bg4 7. Nbd2 Qd7 8.
Qe2 O-O-O 9. h3 Be6 10. a3 c5 11. Nh2 g5 12. O-O-O Qa4 13. Nb1 Qc6 14. g3 Bd6
15. c4 Ne7 16. g4 Qd7 17. Nc3 Nc6 18. f3 Nd4 19. Qg2 b5 20. f4 gxf4 21. Bxd4
cxd4 22. Nd5 Qf7 23. Qc2 Kb7 24. c5 Bf8 25. c6+ Ka7 26. a4 Bxd5 27. axb5 Bb3 28.
Qd2 Qe7 29. Kb1 Qb4 30. Qxb4 Bxb4 31. Rc1 axb5 32. Nf3 Kb6 33. g5 Be7 34. Rhg1
Ra8 35. gxf6 Bxf6 36. Nd2 Be6 37. h4 Rag8 38. Nf3 Rxg1 0-1

[Event "Xtracon Chess Open 2017"]
[Site "Helsingor DEN"]
[Date "2017.07.22"]
[Round "1.28"]
[White "Goh, Wei Ming Kevin"]
[Black "Myrheim, Hakon Abeland"]
[Result "1-0"]
[WhiteTitle "IM"]
[WhiteElo "2446"]
[BlackElo "1880"]
[WhiteFideId "5800706"]
[BlackFideId "1526820"]
[EventDate "2017.07.22"]

1. d4 Nf6 2. Bf4 e6 3. e3 c5 4. Nf3 b6 5. Nc3 a6 6. d5 d6 7. dxe6 fxe6 8. e4 Be7
9. Qd2 O-O 10. O-O-O e5 11. Bg5 Nbd7 12. Nd5 Kh8 13. Nxe7 Qxe7 14. Bc4 Ra7 15.
Nh4 Nb8 16. Nf5 Bxf5 17. exf5 Qd7 18. Be6 Qe7 19. Qxd6 Qxd6 20. Rxd6 Ne4 21. Rd8
Rxd8 22. Bxd8 b5 23. f3 Nd6 24. Rd1 1-0